Testing of rubber composition soles (Record no. 70412)

MARC details
000 -LEADER
fixed length control field 00325nam a2200133Ia 4500
100 ## - MAIN ENTRY--AUTHOR NAME
Personal name Dock E H
245 #0 - TITLE STATEMENT
Title Testing of rubber composition soles
260 ## - PUBLICATION, DISTRIBUTION, ETC. (IMPRINT)
Name of publisher IRI Transactions
Year of publication 1937
300 ## - PHYSICAL DESCRIPTION
Number of Pages 160-172
650 ## - SUBJECT ADDED ENTRY--TOPICAL TERM
Topical Term Ageing
650 ## - SUBJECT ADDED ENTRY--TOPICAL TERM
Topical Term Rubber composition
942 ## - ADDED ENTRY ELEMENTS (KOHA)
Koha item type Journals
Holdings
Withdrawn status Lost status Damaged status Not for loan Home library Current library Shelving location Date acquired Serial Enumeration / chronology Koha item type
      Journals RRII Library RRII Library Rubber chemistry 17/12/2021 Volume 13, Issue 2 Journals